| 000 | 00627nam a2200229 a 4500 | ||
|---|---|---|---|
| 001 | 5875 | ||
| 003 | CO-ViMGA | ||
| 008 | 141112s2004 ck r 000 u spa d | ||
| 040 |
_aCO-ViMGA _bspa _cCO-ViMGA |
||
| 082 | 0 | 4 | _a946.042 D372 |
| 100 | 1 |
_aDescola, Jean _94447 |
|
| 245 | 1 | 0 | _aLos conquistadores del imperio español |
| 250 | _a3a | ||
| 260 |
_aBarcelona : _bJuventud, _c1989 |
||
| 300 | _a430 p | ||
| 490 | _aGrandes biografías | ||
| 650 | 1 | 4 |
_aCOLON, CRISTOBAL _96231 |
| 650 | 1 | 4 |
_aCORTES, HERNANDO _94448 |
| 650 | 1 | 4 |
_aESPAÑA - HISTORIA - CONQUISTA _94449 |
| 650 | 1 | 4 |
_aPIZARRO, FRANCISCO _94450 |
| 942 |
_2ddc _cBK |
||
| 999 |
_c17851 _d17851 |
||